000 01314nam a2200301Ia 4500
001 ebr10433558
003 CaPaEBR
006 m u
007 cr cn|||||||||
008 091113s2009 enka sbf 001 0 eng d
020 _z9781847194381
020 _z9781847194398 (ebook)
040 _aCaPaEBR
_cCaPaEBR
035 _a(OCoLC)666981016
050 1 4 _aTK5105.8865
_b.C37 2009eb
082 0 4 _a004.69/5
_222
100 1 _aCarpenter, Colman.
245 1 0 _aAsterisk 1.4
_h[electronic resource] :
_bthe professional's guide : implementing, administering, and consulting on commercial IP telephony solutions /
_cColman Carpenter ... [et al.].
260 _aBirmingham, U.K. :
_bPackt Publishing Ltd.,
_cc2009.
300 _avii, 262 p. :
_bill.
504 _aIncludes bibliographical references and index.
533 _aElectronic reproduction.
_bPalo Alto, Calif. :
_cebrary,
_d2011.
_nAvailable via World Wide Web.
_nAccess may be limited to ebrary affiliated libraries.
630 0 0 _aAsterisk (Computer file)
_vHandbooks, manuals, etc.
650 0 _aInternet telephony
_vHandbooks, manuals, etc.
655 7 _aElectronic books.
_2local
710 2 _aebrary, Inc.
856 4 0 _uhttp://site.ebrary.com/lib/rucke/Doc?id=10433558
_zAn electronic book accessible through the World Wide Web; click to view
999 _c146666
_d146666